00262 a2200121 450000100060000000300050000608200150001110000170002624500340004326000320007730000130010950000180012289793NUST a813.54 GRI aGrisham John aA painted housecJohn Grisham aNew YorkbA Dell Bookc2001 ax, 466p. aGeneral Books